000 00793nam a2200181Ia 4500
003 GCL
008 140319s9999 xx 000 0 ara d
040 _aGCL /
_cGCL
082 0 4 _a338.9
_bم م
100 1 _aمحمد محمد شتا ابوسعد
245 1 0 _aمستقبل التنمية الاقتصادية فى ظل الولاية الثالثة للرئيس محمد حسن مبارك, دراسة فى اولويات العمل الوطنى والحماية المدنية والجنائية للتنمية الاقتصادية /
_cمحمد محمد شتا ابوسعد
300 _a175 ص
490 _a
650 0 4 _aالتخطيط الاقتصادى
650 0 4 _aالتنمية الاقتصادية
650 0 4 _aمصر - الاحوال الاقتصادية
942 _2ddc
_cBK
999 _c37758
_d37758